000 00980 a2200205 4500
003 Nust
005 20221117093121.0
010 _a 90037592
020 _a0879422688
040 _cNust
082 0 0 _a621.3693,INT
245 0 0 _aIntegrated optics :
_bdevices and applications /
_cedited by Joseph T. Boyd.
260 _aNew York :
_bIEEE Press,
_cc1991.
300 _aviii, 457 p. :
_bill. ;
_c29 cm.
440 0 _aProgress in lasers and electro-optics
_9102757
505 _aAnalysis of Integrated Optical Devices (Page-3), Electro-Optic Devices Utilizing Libbo3 (Page-87), Compound Semiconductor Integrated Optical Devices (Page-167), Optoelectronic Integrated Circuits (Page-241), Noncrystalline Optical Waveguide Technologies (Page-271), Input Coupling of Light to Optical Waveguides (Page-311), Optical Waveguide Structures (Page-325), Additional Applications (Page-367).
650 0 _aTelecommunication Engineering.
700 1 _aBoyd, J. T.
_9102758
942 _cBK
_2ddc
999 _c175621
_d175621